| 000 | 01120nam a2200253 a 4500 | ||
|---|---|---|---|
| 001 | 000025666 | ||
| 005 | 20240527202356.0 | ||
| 008 | 110218s1974 ag r 000 0 spa d | ||
| 040 |
_aDO-SdBNP _bspa _cBNPHU |
||
| 082 |
_a382 _bK91d |
||
| 100 | 1 |
_aKraus Bivens, Karen _952416 |
|
| 245 | 1 | 0 |
_aDespués de la rueda kennedy : _bPerspectivas de una liberalización mundial del intercambio / _cKaren Kraus Bivens ; traducción Rolando Costa Picazo. |
| 260 |
_aBuenos Aires, Argentina : _bEditorial Paidós, _c1974. |
||
| 300 |
_a157 p. ; _c22.5 cm. |
||
| 490 | 1 |
_aBiblioteca tu, textos universitarios (economía) ; _v7 |
|
| 500 | _aIncluye notas al pie de las páginas. | ||
| 534 |
_pTítulo original : _tAfter the kennedy round: outlook for world - wide trade liberalization, _cNew York : Conference Board, 1968. |
||
| 650 | 0 |
_aComercio internacional _910367 |
|
| 650 | 0 |
_a Relaciones económicas internacionales _91067 |
|
| 650 | 4 |
_aLa rueda kennedy, genova, 1964-1967 _952417 |
|
| 700 | 1 |
_aCosta Picazo, Rolando, _etr. _927380 |
|
| 830 | 0 |
_aBiblioteca tu, textos universitarios (economía) ; _n7 _952418 |
|
| 049 | _aBNGR | ||
| 999 |
_c25158 _d25158 |
||